| 000 | 00670nam a2200181 4500 | ||
|---|---|---|---|
| 008 | 020227s1999 -hk chiYA | ||
| 020 | _a9622445551 | ||
| 090 | _aBT751.2/C36 | ||
| 100 | 1 | _a陳終道 Chan, Stephen C. T. | |
| 245 | 1 | 0 |
_a萬世救恩──從聖經看救恩真義 The everlasting salvation {ch} / _c 陳終道 Stephen C. T. Chan. |
| 260 |
_aHongkong : _b宣道出版社 China Alliance Press, _cc1999. |
||
| 300 | _a301 p. | ||
| 490 | 1 | _a專題研經系列 Topical study series | |
| 650 | 4 | _aAssurance (Theology){ch}. | |
| 650 | 4 | _aSalvation{ch}. | |
| 951 |
_pC-3991 _x00027987 _oBT751.2/C36 _j070613111048421 _d2000-12-21 _cCH |
||
| 999 |
_c7762 _d7762 |
||